000 01724nam0a22003251 4500
001 rc\955993
005 20260407150147.0
035 _a(NLR Aleph) 006126774
090 _a5518819
_c5518819
100 _a20041129d1982 |||y0rusy50 ca
101 0 _arus
102 _aRU
105 _ay |||||||||
200 1 _aПрогрессивные технологические процессы в машиностроении и металлообработке
_eПередовой опыт БССР и НРБ
_f[В.М. Волков, П. Добрев, Хр. Енев и др.]
210 _aМинск
_cБелНИИНТИ
_d1982
215 _a47 с.
_d20
225 1 _aСерия "Машиностроение"
_eОбзор. информ.
_fБелорус. НИИ НТИ и техн.-экон. исслед.
300 _aАвт. указаны на 2-й с. обл.
300 _aВ надзаг.: Центр. ИНТИ ГКНТП НРБ
320 _aБиблиогр.: с. 44-46 (26 назв.)
701 1 _7ca
_8rus
_aВолков
_bВ. М.
_cспециалист в области металлообработки
_gВиктор Михайлович
_9226468
_3RU\NLR\AUTH\770226524
701 1 _aДобрев
_bП.
712 0 2 _aБелорусский НИИ научно-технической информации и технико-экономических исследований
_cМинск
_9547792
_3RU\NLR\AUTH\8810024784
712 0 2 _aЦентральный институт научно-технической информации
_cСофия
_9547963
_3RU\NLR\AUTH\8810024867
801 0 _aRU
_bNLR
_gpsbo
801 1 _aRU
_bELAR
_2rusmarc
852 _aNLR
_j83-4/19027
942 _cBOOK
980 _aNB